| 000 | 00564 a2200169 4500 | ||
|---|---|---|---|
| 999 |
_c5232 _d5232 |
||
| 010 | _aENG-86787 | ||
| 020 |
_c210.00 _a8183185517 |
||
| 035 | _aEN-70320 | ||
| 037 | _bDBAD / PUB | ||
| 082 | 0 | 0 | _a339 |
| 100 | 1 | _a[Mishra] Misra, S.K. | |
| 245 | 1 | 0 |
_aMacroeconomics : _cby S.K. Misra _baccording to new syllabus of IIIrd year B.Com....session 2006-07 / |
| 260 |
_aMumbai _bHimalaya Publishing House _c2006 |
||
| 270 |
_a"Ramdoot", Dr. Bhalerao Marg, Girgaon _bMumbai _e400 004 |
||
| 300 |
_av, 321p _c24 cm. (Pbk) |
||
| 942 |
_adpl _cEN _2ddc _h339 _mMIS |
||